e-Evaluación orientada al e-aprendizaje estratégico en educación superior
Gespeichert in:
| Hauptverfasser: | , |
|---|---|
| Format: | Buch |
| Sprache: | Spanisch |
| Veröffentlicht: |
Madrid
Narcea S. A de Ediciones
2011
|
| Schlagworte: | |
| Tags: |
Tag hinzufügen
Keine Tags, Fügen Sie den ersten Tag hinzu!
|
MARC
| LEADER | 00000cam a2200000 a 4500 | ||
|---|---|---|---|
| 001 | UCF8982 | ||
| 003 | CL-VaPUC | ||
| 008 | 131018e20110000sp |||||||||||||||||spa|d | ||
| 020 | |a 9788427718036 | ||
| 082 | 0 | 4 | |a 378.17 |b ROD |2 21 |
| 100 | 0 | |a Rodríguez Gómez, Gregorio |e author |9 571127 | |
| 700 | 0 | |a Ibarra Sáiz, María Soledad |e author |9 571128 | |
| 245 | 1 | 0 | |a e-Evaluación orientada al e-aprendizaje estratégico en educación superior |
| 300 | |a 155 p | ||
| 942 | |c BK | ||
| 945 | |d 20131018 14:00:00 |a dcastane | ||
| 260 | |a Madrid |b Narcea S. A de Ediciones |c 2011 | ||
| 650 | 0 | |a Educación superior |9 223851 | |
| 650 | 0 | |a Universidades |9 256317 | |
| 650 | 0 | |a Aprendizaje |9 254827 | |
| 583 | |a last modification |c 20131018 14:00:00 |k Rodrigo Vera | ||
| 999 | |c 353479 |d 353477 | ||
| 952 | |0 0 |1 0 |3 erb |4 0 |6 378_170000000000000_ROD_2011 |7 0 |8 A |9 458733 |a BIBEDU |b BIBEDU |d 2019-11-23 |i 5018331 |o 378.17 ROD 2011 |p 5018331 |r 2019-11-23 |w 2019-11-23 |y BK |z Catalogado en:20131018 |k EPE | ||